[Event "VII C.to del Mediterraneo"]
[Site "Fiume CRO"]
[Date "2009.09.15"]
[Round "7"]
[White "Doric, Nenad"]
[Black "Codenotti, Marco"]
[Result "0-1"]
[WhiteElo "2356"]
[BlackElo "2122"]
[PlyCount "116"]
[EventDate "2009.09.11"]

1. d4 Nf6 2. c4 e6 3. Nc3 d5 4. cxd5 exd5 5. Bg5 c6 6. Qc2 g6 7. Bxf6 Qxf6 8.
Nxd5 Qxd4 9. Rd1 Bb4+ 10. Nc3 Qf6 11. e4 O-O 12. Bc4 Nd7 13. Nge2 Ne5 14. Bb3
Bc5 15. O-O Ng4 16. Rd3 Nxf2 17. Rf3 Ng4+ 18. Kh1 Qh4 19. h3 Be6 20. Bxe6 fxe6
21. Rxf8+ Rxf8 22. Rxf8+ Kxf8 23. Qc1 Be3 24. Qf1+ Ke7 25. Nd1 Nf2+ 26. Nxf2
Qxf2 27. Qd1 Bf4 28. Nxf4 Qxf4 29. Qc2 Kd6 30. Qb3 Qf1+ 31. Kh2 Qb5 32. Qc2 a6
33. g3 Ke5 34. h4 Qb4 35. Qf2 Qxe4 36. Qb6 Qe2+ 37. Kh3 Qf1+ 38. Kh2 Qb5 39.
Qc7+ Ke4 40. Qf4+ Kd3 41. Qd6+ Kc2 42. Qxe6 Kxb2 43. Qf7 h5 44. Qxg6 Kxa2 45.
g4 Qe2+ 46. Kg3 hxg4 47. Qf7+ Ka3 48. h5 b5 49. Qf8+ b4 50. h6 a5 51. Qg7 b3
52. h7 Qf3+ 53. Kh2 b2 54. Qg6 Qf2+ 55. Kh1 Qf1+ 56. Kh2 b1=Q 57. Qxb1 Qxb1 58.
h8=Q Qb2+ 0-1

[Event "VII C.to del Mediterraneo"]
[Site "Fiume CRO"]
[Date "2009.09.15"]
[Round "7"]
[White "Tonel, Giulia"]
[Black "Monjac, Mislav"]
[Result "1-0"]
[WhiteElo "1992"]
[BlackElo "1840"]
[PlyCount "99"]
[EventDate "2009.09.11"]

1. e4 e5 2. d4 exd4 3. Qxd4 Nc6 4. Qe3 g6 5. Bd2 Bg7 6. Nc3 Nge7 7. O-O-O a6 8.
h4 b5 9. Nd5 O-O 10. h5 d6 11. Bc3 Nxd5 12. Rxd5 Ne5 13. Be2 c6 14. Rd2 f6 15.
f4 Nc4 16. Bxc4+ bxc4 17. Bb4 c5 18. Bxc5 Qa5 19. Bxd6 Qxa2 20. Qa3 Qxa3 21.
Bxa3 Re8 22. hxg6 hxg6 23. Rd4 Bb7 24. Rxc4 Bxe4 25. Nf3 f5 26. b3 Rec8 27. Nd2
Bd5 28. Rxc8+ Rxc8 29. c4 Bd4 30. Rh3 Ba8 31. Bb2 Bxb2+ 32. Kxb2 Kg7 33. Nf3
Re8 34. Ne5 Re6 35. g3 Rd6 36. Rh2 Rd1 37. c5 Rd5 38. Rc2 Rd8 39. c6 Rc8 40.
Ka3 Kf6 41. Ka4 Ke6 42. Ka5 Kd6 43. Kxa6 Bxc6 44. Rxc6+ Rxc6+ 45. Nxc6 Kxc6 46.
b4 Kd5 47. b5 Ke4 48. b6 Kf3 49. b7 Kxg3 50. b8=Q 1-0

[Event "VII C.to del Mediterraneo"]
[Site "Fiume CRO"]
[Date "2009.09.16"]
[Round "8"]
[White "Bodiroga, Predrag"]
[Black "Chierici, Marianna"]
[Result "1-0"]
[WhiteElo "2410"]
[BlackElo "2053"]
[PlyCount "55"]
[EventDate "2009.09.11"]

1. d4 f5 2. g3 Nf6 3. Bg2 e6 4. Nf3 d5 5. O-O Bd6 6. c4 c6 7. b3 Qe7 8. Bb2 O-O
9. Ne5 b6 10. cxd5 cxd5 11. Nc4 dxc4 12. Bxa8 Nbd7 13. bxc4 Ng4 14. Bg2 Rf6 15.
Bc1 Qe8 16. e4 Qh5 17. h3 g5 18. hxg4 fxg4 19. Qd2 Bf4 20. gxf4 Rh6 21. Re1
Qh2+ 22. Kf1 Rh3 23. Bxh3 Qxh3+ 24. Kg1 g3 25. f3 gxf4 26. Nc3 e5 27. Qg2 Qe6
28. Nd5 1-0

[Event "VII C.to del Mediterraneo"]
[Site "Fiume CRO"]
[Date "2009.09.16"]
[Round "8"]
[White "Le Roux, Jean-Pierre"]
[Black "Rombaldoni, Denis"]
[Result "1-0"]
[WhiteElo "2474"]
[BlackElo "2469"]
[PlyCount "71"]
[EventDate "2009.09.11"]

1. e4 c5 2. Nc3 a6 3. g3 b5 4. Bg2 Bb7 5. d3 e6 6. Nh3 g6 7. O-O Bg7 8. f4 Ne7
9. f5 exf5 10. exf5 Bd4+ 11. Kh1 Bxg2+ 12. Kxg2 Qb6 13. f6 Qc6+ 14. Qf3 Qxf3+
15. Rxf3 Nf5 16. Nd5 O-O 17. c3 Be5 18. Rxf5 gxf5 19. Ne7+ Kh8 20. Bh6 Rg8 21.
Re1 Nc6 22. Ng5 Rxg5 23. Bxg5 Bd6 24. Nxf5 Bf8 25. g4 h5 26. gxh5 Kh7 27. Kf3
a5 28. Bf4 b4 29. Bd6 Bxd6 30. Nxd6 Rf8 31. Rg1 Rg8 32. Rxg8 Kxg8 33. Ke4 a4
34. a3 bxa3 35. bxa3 Nd8 36. Nc4 1-0

[Event "VII C.to del Mediterraneo"]
[Site "Fiume CRO"]
[Date "2009.09.16"]
[Round "8"]
[White "Sikanjic, Bojan"]
[Black "Tonel, Giulia"]
[Result "1-0"]
[WhiteElo "2170"]
[BlackElo "1992"]
[PlyCount "145"]
[EventDate "2009.09.11"]

1. c4 Nf6 2. Nc3 g6 3. Nf3 Bg7 4. g3 O-O 5. Bg2 d6 6. d4 c6 7. O-O Nbd7 8. e4
e5 9. h3 Re8 10. Be3 Qa5 11. d5 c5 12. Qd2 Nf8 13. Ne1 Nh5 14. Nd3 f5 15. a3
Qd8 16. b4 b6 17. bxc5 bxc5 18. Rab1 h6 19. Bxh6 Kh7 20. Be3 Re7 21. Rb3 Rf7
22. exf5 gxf5 23. Qe2 Nf6 24. Bg5 Bh6 25. Bxh6 Kxh6 26. Rfb1 Ba6 27. Nb5 Ng6
28. Qd2+ Kg7 29. Qg5 Qd7 30. Qe3 Rh8 31. f4 e4 32. Nf2 Re8 33. Nd1 Nh5 34. Kh2
Kf8 35. Qc3 Qd8 36. Qe3 Qd7 37. Qc3 Qd8 38. Ne3 Bc8 39. a4 Rh7 40. Qe1 Ree7 41.
Qc3 Reg7 42. Qe1 Nhxf4 43. gxf4 Nxf4 44. R1b2 Qg5 45. Nf1 Nxh3 46. Rg3 Qf6 47.
Qc3 Qxc3 48. Nxc3 f4 49. Rxg7 Kxg7 50. Bxe4 Rh6 51. Kg2 Ng5 52. Nd2 Bg4 53. Rb1
Rh3 54. Rc1 Kf6 55. Kg1 Rg3+ 56. Bg2 Ke5 57. Kf2 Rd3 58. Re1+ Kf6 59. Nde4+
Nxe4+ 60. Nxe4+ Kg6 61. Bf1 Ra3 62. Nxd6 Rxa4 63. Be2 Ra2 64. Kf1 f3 65. Bd3+
Kf6 66. Ne4+ Kg7 67. Nf2 Bc8 68. Ne4 a5 69. Rc1 Bh3+ 70. Ke1 a4 71. Rc2 Ra1+
72. Kf2 a3 73. Nc3 1-0

[Event "VII C.to del Mediterraneo"]
[Site "Fiume CRO"]
[Date "2009.09.17"]
[Round "9"]
[White "Chierici, Marianna"]
[Black "Savic, Miroslav"]
[Result "0-1"]
[WhiteElo "2053"]
[BlackElo "2288"]
[PlyCount "72"]
[EventDate "2009.09.11"]

1. e4 c5 2. Nf3 d6 3. c3 Nf6 4. Bd3 Bg4 5. Na3 Nc6 6. Nc4 a6 7. a4 Rb8 8. a5 e6
9. Ne3 Bxf3 10. gxf3 Nxa5 11. Qa4+ Nc6 12. Bxa6 Qc7 13. Bb5 Be7 14. Bxc6+ bxc6
15. Qa5 Qb7 16. Qa6 d5 17. d3 O-O 18. Qxb7 Rxb7 19. Ra6 Rc8 20. Kd2 c4 21. e5
Nd7 22. dxc4 Nxe5 23. f4 Nd7 24. cxd5 cxd5 25. Nc2 Nc5 26. Ra2 Nb3+ 27. Kd1
Nxc1 28. Kxc1 g6 29. Rd1 Bd6 30. Ra4 Rcb8 31. f5 gxf5 32. b4 Bxh2 33. Nd4 Rc8
34. Kb2 Be5 35. Ne2 Rc4 36. Rg1+ Kf8 0-1

[Event "VII C.to del Mediterraneo"]
[Site "Fiume CRO"]
[Date "2009.09.17"]
[Round "9"]
[White "Rombaldoni, Denis"]
[Black "Martinovic, Sasa"]
[Result "1-0"]
[WhiteElo "2469"]
[BlackElo "2516"]
[PlyCount "55"]
[EventDate "2009.09.11"]

1. e4 e6 2. d4 d5 3. Nc3 Bb4 4. a3 Bxc3+ 5. bxc3 dxe4 6. Qg4 Nf6 7. Qxg7 Rg8 8.
Qh6 Rg6 9. Qd2 Nbd7 10. a4 c5 11. a5 Qc7 12. Ne2 e5 13. dxe5 Nxe5 14. Nf4 Rg8
15. Nd5 Qd6 16. Bb5+ Bd7 17. Bxd7+ Nfxd7 18. Nf4 Qa6 19. Qe2 Qc6 20. O-O O-O-O
21. Be3 Rg4 22. h3 Nf3+ 23. Kh1 Qh6 24. a6 b6 25. Qc4 Nf6 26. Qxf7 Rd7 27. Qe6
Rxf4 28. Rfd1 1-0

[Event "VII C.to del Mediterraneo"]
[Site "Fiume CRO"]
[Date "2009.09.17"]
[Round "9"]
[White "Tonel, Giulia"]
[Black "Dubrovic, Mihovil"]
[Result "1/2-1/2"]
[WhiteElo "1992"]
[BlackElo "1783"]
[PlyCount "129"]
[EventDate "2009.09.11"]

1. e4 e5 2. d4 exd4 3. Qxd4 Nc6 4. Qe3 d6 5. Bd2 Be6 6. Nc3 g6 7. f4 Nge7 8.
O-O-O Bg7 9. Nd5 O-O 10. Bc3 f6 11. Be2 Nb8 12. g4 Nxd5 13. exd5 Bf7 14. Nf3
Re8 15. Qd2 Nd7 16. Bc4 Nc5 17. Bb5 Re7 18. Rde1 a6 19. Rxe7 Qxe7 20. Re1 Qf8
21. Bf1 Re8 22. Bg2 Ne4 23. Qd3 Nxc3 24. bxc3 Rxe1+ 25. Nxe1 Qe8 26. Nf3 Qa4
27. Nd4 Qxa2 28. c4 Qa1+ 29. Kd2 Qg1 30. Bf3 Qxh2+ 31. Ne2 Qf2 32. f5 Bh6+ 33.
Kc3 Qe1+ 34. Kb2 Qb4+ 35. Ka2 Qa4+ 36. Kb2 b5 37. cxb5 axb5 38. Nd4 b4 39. Ne6
Qa5 40. Be4 Bxe6 41. dxe6 Bf4 42. Bd5 Be5+ 43. Kc1 Qa1+ 44. Kd2 Qc3+ 45. Qxc3
Bxc3+ 46. Kd3 Kf8 47. fxg6 hxg6 48. Be4 Ke7 49. Bxg6 Kxe6 50. Kc4 Ke5 51. Bf7
Be1 52. Bd5 Kf4 53. Be6 Ke3 54. Kb5 Kd4 55. Kc6 Bg3 56. Kxc7 d5+ 57. Kc6 Kc3
58. Bf5 d4 59. Kd5 Bf2 60. Ke6 Bh4 61. Kd5 Bg5 62. Bg6 Be3 63. Ke6 Bg5 64. Kd5
Bf4 65. Ke4 1/2-1/2

[Event "LXIX C.to Italiano"]
[Site "Sarre ITA"]
[Date "2009.11.23"]
[Round "1"]
[White "Brunello, Sabino"]
[Black "Rombaldoni, Denis"]
[Result "1/2-1/2"]
[WhiteElo "2507"]
[BlackElo "2504"]
[PlyCount "70"]
[EventDate "2009.11.23"]

1. d4 d5 2. c4 e6 3. Nf3 Nf6 4. g3 dxc4 5. Bg2 Nc6 6. Qa4 Bb4+ 7. Bd2 Nd5 8.
Bxb4 Ndxb4 9. Na3 Rb8 10. Qb5 Qd5 11. O-O Qxb5 12. Nxb5 a6 13. Nxc7+ Kd8 14. d5
exd5 15. Nxd5 Nxd5 16. Rfd1 Kc7 17. Rxd5 Be6 18. Rdd1 h6 19. Nd2 Rhd8 20. f4 b5
21. Kf2 Rd7 22. Bxc6 Kxc6 23. Nf3 Rxd1 24. Rxd1 Re8 25. e4 Bg4 26. Ke3 Bxf3 27.
Kxf3 Rc8 28. e5 b4 29. Ke4 Kb5 30. g4 c3 31. bxc3 bxc3 32. f5 Kc4 33. Rd4+ Kb5
34. Rd1 Kc4 35. Rd4+ Kb5 1/2-1/2

[Event "LXIX C.to Italiano"]
[Site "Sarre ITA"]
[Date "2009.11.23"]
[Round "1"]
[White "Bruno, Fabio"]
[Black "Garcia Palermo, Carlos Horacio"]
[Result "0-1"]
[WhiteElo "2460"]
[BlackElo "2475"]
[PlyCount "134"]
[EventDate "2009.11.23"]

1. Nf3 d5 2. d4 c5 3. e3 cxd4 4. exd4 Nf6 5. Bd3 Nc6 6. c3 Bg4 7. Nbd2 e6 8.
Nf1 Bh5 9. Ng3 Bg6 10. Bxg6 hxg6 11. Bf4 Bd6 12. Bxd6 Qxd6 13. Qe2 Qf4 14. O-O
Ne4 15. Rfe1 Ng5 16. Ne5 a6 17. Rad1 Rc8 18. Nd3 Qh4 19. Nf1 Ne4 20. Nc5 Nxc5
21. dxc5 Rh5 22. b4 Kf8 23. a3 Rd8 24. h3 d4 25. Nh2 dxc3 26. Rxd8+ Qxd8 27.
Qc2 Qd2 28. Qxd2 cxd2 29. Rd1 Rd5 30. Nf1 Rd3 31. Rxd2 Rxa3 32. Rd7 Nxb4 33.
Rxb7 Nd5 34. Nd2 Ra4 35. c6 Ra1+ 36. Kh2 Rc1 37. Rb8+ Ke7 38. Rb7+ Kf6 39. Ne4+
Ke5 40. Ng5 Rxc6 41. Nxf7+ Kf6 42. Nd8 Rc7 43. Rb3 a5 44. Ra3 Ke7 45. Nxe6 Kxe6
46. Rxa5 Rc2 47. Ra6+ Kf7 48. Ra7+ Kg8 49. Ra8+ Kh7 50. Rf8 Nf6 51. Kg1 Rc1+
52. Kh2 Rf1 53. f3 g5 54. Ra8 Rf2 55. Ra5 Kg6 56. Ra6 Rd2 57. Rb6 Kf5 58. Rb7
Nh5 59. Rb5+ Kg6 60. Rb6+ Kh7 61. Rb5 Kh6 62. Rf5 g6 63. Rf7 Nf4 64. h4 Rxg2+
65. Kh1 Rf2 66. hxg5+ Kxg5 67. Kg1 Rxf3 0-1

[Event "LXIX C.to Italiano"]
[Site "Sarre ITA"]
[Date "2009.11.23"]
[Round "1"]
[White "Genocchio, Daniele"]
[Black "Valsecchi, Alessio"]
[Result "1-0"]
[WhiteElo "2464"]
[BlackElo "2336"]
[PlyCount "55"]
[EventDate "2009.11.23"]

1. e4 c5 2. g3 Nc6 3. Bg2 e6 4. Nf3 Nge7 5. O-O d6 6. c3 g6 7. d4 cxd4 8. cxd4
Bg7 9. d5 exd5 10. exd5 Ne5 11. Nxe5 Bxe5 12. Re1 O-O 13. Nc3 Nf5 14. Ne4 a5
15. a4 Qb6 16. Ra3 Nd4 17. Rd3 Qb4 18. Bd2 Qc4 19. Bc3 Nf5 20. Nf6+ Bxf6 21.
Bxf6 Bd7 22. Re4 Qc7 23. g4 Ng7 24. Rc3 Qb6 25. Qd2 Ne8 26. Rxe8 Rfxe8 27. Qh6
Re1+ 28. Bf1 1-0

[Event "LXIX C.to Italiano"]
[Site "Sarre ITA"]
[Date "2009.11.23"]
[Round "1"]
[White "Godena, Michele"]
[Black "Stella, Andrea"]
[Result "1-0"]
[WhiteElo "2537"]
[BlackElo "2346"]
[PlyCount "129"]
[EventDate "2009.11.23"]

1. e4 c5 2. c3 d5 3. exd5 Qxd5 4. d4 Nf6 5. Nf3 Bg4 6. Nbd2 Nc6 7. Bc4 Bxf3 8.
Qb3 Na5 9. Qb5+ Qd7 10. Nxf3 Nxc4 11. Qxc4 cxd4 12. Nxd4 Rc8 13. Qe2 e6 14. O-O
Be7 15. Rd1 Qc7 16. Nb5 Qb8 17. g3 e5 18. Re1 Nd7 19. Bf4 Bf6 20. Rad1 O-O 21.
Be3 Nb6 22. Bxb6 axb6 23. Rd7 Rcd8 24. Red1 Qc8 25. Rxd8 Rxd8 26. a4 h6 27. h4
Rxd1+ 28. Qxd1 Qc6 29. Qd3 Be7 30. Qf5 Bf6 31. h5 e4 32. Qf4 Bg5 33. Qd6 Qc4
34. Qb8+ Kh7 35. Qxb7 Qe2 36. Nd4 Qd1+ 37. Kg2 e3 38. Qxf7 exf2 39. Qg6+ Kh8
40. Qe8+ Kh7 41. Kxf2 Bf6 42. Qe4+ Kh8 43. Qe8+ Kh7 44. Qe4+ Kh8 45. Ne2 Qb3
46. Qe8+ Kh7 47. Qe4+ Kh8 48. Qe8+ Kh7 49. Qb5 Qf7 50. Ke1 Bg5 51. Qxb6 Qxh5
52. Qc6 Qg4 53. b4 Be3 54. Qd5 Qg6 55. Kf1 Qf6+ 56. Nf4 Bxf4 57. Qd3+ g6 58.
gxf4 Qxf4+ 59. Ke2 Qh2+ 60. Kd1 Qg1+ 61. Kc2 h5 62. a5 h4 63. Qd7+ Kh6 64. a6
Qg2+ 65. Qd2+ 1-0

[Event "LXIX C.to Italiano"]
[Site "Sarre ITA"]
[Date "2009.11.23"]
[Round "1"]
[White "Ortega, Lexy"]
[Black "D'Amore, Carlo"]
[Result "1/2-1/2"]
[WhiteElo "2459"]
[BlackElo "2489"]
[PlyCount "81"]
[EventDate "2009.11.23"]

1. d4 d5 2. c4 c6 3. Nf3 Nf6 4. e3 Bg4 5. Nbd2 Nbd7 6. cxd5 cxd5 7. Qb3 Qb6 8.
Qxb6 Nxb6 9. Ne5 Bf5 10. Nb3 a6 11. Bd2 Na4 12. Na5 Nxb2 13. Nxb7 e6 14. Rc1
Ne4 15. Ba5 Ba3 16. f3 Nd6 17. Rc3 Nxb7 18. Rxa3 Nxa5 19. Rxa5 f6 20. g4 fxe5
21. gxf5 exd4 22. exd4 Ke7 23. Rg1 Rhc8 24. Rxg7+ Kf6 25. Rxh7 Rc1+ 26. Kf2
Nd1+ 27. Kg3 Ne3 28. Rh6+ Kg5 29. Rg6+ Kh5 30. Bh3 exf5 31. Raxa6 Rxa6 32. Rxa6
Kg5 33. f4+ Kh5 34. Ra3 Nc4 35. Rd3 Nd6 36. Bg2 Ne4+ 37. Bxe4 fxe4 38. Re3 Rd1
39. h4 Rg1+ 40. Kf2 Ra1 41. Rg3 1/2-1/2

[Event "LXIX C.to Italiano"]
[Site "Sarre ITA"]
[Date "2009.11.23"]
[Round "1"]
[White "Rombaldoni, Axel"]
[Black "Vocaturo, Daniele"]
[Result "0-1"]
[WhiteElo "2442"]
[BlackElo "2500"]
[PlyCount "70"]
[EventDate "2009.11.23"]

1. e4 e5 2. Nf3 Nc6 3. Bc4 d6 4. O-O g6 5. d4 exd4 6. Nxd4 Bg7 7. Nxc6 bxc6 8.
f4 Nf6 9. f5 d5 10. exd5 cxd5 11. Bb5+ Kf8 12. Bd3 c5 13. c3 c4 14. Bc2 Qb6+
15. Kh1 Bxf5 16. Bxf5 gxf5 17. Qf3 Qe6 18. Na3 Ne4 19. Nb5 Rd8 20. Qxf5 Qxf5
21. Rxf5 Rd7 22. Bf4 Ke7 23. Rf1 Rc8 24. Nc7 Rcxc7 25. Bxc7 Ke6 26. Bg3 Rb7 27.
Rh5 Rxb2 28. Rxh7 Bxc3 29. Bh4 Bd2 30. Rhxf7 c3 31. Rxa7 c2 32. Ra6+ Ke5 33.
Bf6+ Nxf6 34. Raxf6 Rb1 35. g4 Rd1 0-1

[Event "LXIX C.to Italiano"]
[Site "Sarre ITA"]
[Date "2009.11.24"]
[Round "2"]
[White "D'Amore, Carlo"]
[Black "Rombaldoni, Axel"]
[Result "1-0"]
[WhiteElo "2489"]
[BlackElo "2442"]
[PlyCount "137"]
[EventDate "2009.11.23"]

1. e4 c5 2. Nf3 d6 3. Bc4 Nf6 4. d3 Nc6 5. c3 g6 6. O-O Bg7 7. Nbd2 O-O 8. Bb3
d5 9. Re1 e5 10. exd5 Nxd5 11. Nc4 Re8 12. Ng5 Bf6 13. h4 h5 14. g3 Bg4 15. f3
Bc8 16. Ne4 Be7 17. Bg5 Be6 18. Bxe7 Qxe7 19. Ng5 f6 20. Nxe6 Qxe6 21. Ne3 Nce7
22. f4 Rad8 23. Qf3 Kg7 24. Re2 Qd7 25. Nxd5 Nxd5 26. Rae1 Rf8 27. fxe5 fxe5
28. Qg2 Nf6 29. Rxe5 Qxd3 30. Bc2 Qd2 31. R5e2 Qd6 32. Re6 Qd2 33. Qxb7+ Rf7
34. Qg2 Qxg2+ 35. Kxg2 Rd2+ 36. R1e2 Rxe2+ 37. Rxe2 Ng4 38. Bb3 Rf8 39. Bd5 Kh6
40. Bf3 Rd8 41. Kh3 Nf6 42. Re6 Kg7 43. Re7+ Kh6 44. Re6 Kg7 45. a4 a5 46. Re5
Rd3 47. Kg2 Rd2+ 48. Re2 Rd3 49. Kf2 Kf7 50. Re5 Nd7 51. Rd5 Rxd5 52. Bxd5+ Kf6
53. Ke3 Nb6 54. Bb3 Ke5 55. Kf3 Kf5 56. Bc2+ Ke5 57. b3 Kf6 58. Ke4 Ke6 59. Bd3
Kf6 60. Bb5 Ke6 61. Be8 Kf6 62. c4 Na8 63. Bd7 Nc7 64. Bh3 Kf7 65. Ke5 Ke7 66.
Bg2 Ne6 67. Be4 g5 68. hxg5 Nxg5 69. Bg6 1-0

[Event "LXIX C.to Italiano"]
[Site "Sarre ITA"]
[Date "2009.11.24"]
[Round "2"]
[White "Godena, Michele"]
[Black "Brunello, Sabino"]
[Result "1/2-1/2"]
[WhiteElo "2537"]
[BlackElo "2507"]
[PlyCount "68"]
[EventDate "2009.11.23"]

1. e4 e5 2. Nf3 Nc6 3. Bc4 Bc5 4. b4 Bxb4 5. c3 Be7 6. d4 Na5 7. Be2 d6 8. Qa4+
c6 9. dxe5 b5 10. Qc2 dxe5 11. Nxe5 Nf6 12. O-O Be6 13. Nf3 O-O 14. Nd4 Bd7 15.
e5 Nd5 16. Bd3 g6 17. Bh6 Re8 18. e6 Bc8 19. Nd2 Bf8 20. exf7+ Kxf7 21. Bxf8
Kxf8 22. a4 b4 23. cxb4 Nxb4 24. Qc5+ Qe7 25. Qxa5 Nxd3 26. Nxc6 Qf6 27. Ra3
Bf5 28. g4 Qxc6 29. gxf5 Rad8 30. Qb5 Qd6 31. Rb3 Nf4 32. Nf3 Rb8 33. Qc4 gxf5
34. Kh1 Rxb3 1/2-1/2

[Event "LXIX C.to Italiano"]
[Site "Sarre ITA"]
[Date "2009.11.24"]
[Round "2"]
[White "Rombaldoni, Denis"]
[Black "Ortega, Lexy"]
[Result "1/2-1/2"]
[WhiteElo "2504"]
[BlackElo "2459"]
[PlyCount "83"]
[EventDate "2009.11.23"]

1. d4 d5 2. c4 c6 3. Nf3 Nf6 4. Nc3 dxc4 5. a4 Bf5 6. Ne5 Nbd7 7. Nxc4 Qc7 8.
g3 e5 9. dxe5 Nxe5 10. Bf4 Nfd7 11. Bg2 f6 12. Qc1 Be6 13. Nxe5 fxe5 14. Be3
Nc5 15. Bxc5 Bxc5 16. a5 O-O 17. O-O a6 18. Ne4 Be7 19. Nc5 Bxc5 20. Qxc5 Rad8
21. Rad1 Bb3 22. Rd3 Rxd3 23. exd3 Rd8 24. Re1 Bd5 25. Bh3 Bf7 26. Rxe5 Rxd3
27. Re7 Rd1+ 28. Bf1 Qd8 29. Qe3 h6 30. b3 Qxa5 31. Rxb7 Qa1 32. Kg2 Bd5+ 33.
f3 Rxf1 34. Rb8+ Kf7 35. Rb7+ Kg8 36. Rb8+ Kf7 37. Qf4+ Kg6 38. Qg4+ Kf6 39.
Qf4+ Kg6 40. Qg4+ Kf6 41. Qf4+ Ke6 42. Qg4+ 1/2-1/2

[Event "LXIX C.to Italiano"]
[Site "Sarre ITA"]
[Date "2009.11.24"]
[Round "2"]
[White "Stella, Andrea"]
[Black "Garcia Palermo, Carlos Horacio"]
[Result "1/2-1/2"]
[WhiteElo "2346"]
[BlackElo "2475"]
[PlyCount "40"]
[EventDate "2009.11.23"]

1. d4 Nf6 2. c4 e5 3. dxe5 Ng4 4. Bf4 Nc6 5. Nf3 Bb4+ 6. Nbd2 Qe7 7. e3 Ngxe5
8. Nxe5 Nxe5 9. Be2 b6 10. O-O Bb7 11. Nf3 Bxf3 12. Bxf3 Rd8 13. Bxe5 Qxe5 14.
Qd4 Bd6 15. Qxe5+ Bxe5 16. Rab1 a5 17. Rfd1 Ke7 18. Rd5 f6 19. Kf1 h5 20. h3 c6
1/2-1/2

[Event "LXIX C.to Italiano"]
[Site "Sarre ITA"]
[Date "2009.11.24"]
[Round "2"]
[White "Vocaturo, Daniele"]
[Black "Genocchio, Daniele"]
[Result "1-0"]
[WhiteElo "2500"]
[BlackElo "2464"]
[PlyCount "91"]
[EventDate "2009.11.23"]

1. e4 e6 2. d4 d5 3. Nc3 Bb4 4. e5 c5 5. a3 Ba5 6. b4 cxd4 7. Nb5 Bc7 8. f4 Bd7
9. Nf3 Bxb5 10. Bxb5+ Nc6 11. O-O Nge7 12. Bd3 Nf5 13. Bxf5 exf5 14. Qd3 Qd7
15. Bb2 O-O 16. Kh1 Bb6 17. Rad1 Rac8 18. b5 Nd8 19. Bxd4 Ne6 20. Bxb6 axb6 21.
Ng5 h6 22. Nh3 g6 23. c4 d4 24. Ng1 Rfd8 25. g4 Nc5 26. Qg3 d3 27. Qh4 Ne4 28.
Qxh6 Rxc4 29. gxf5 Qxf5 30. Qh4 Rcc8 31. Nf3 Kg7 32. Qe7 Rd7 33. Qb4 Rh8 34. e6
Qxe6 35. Qb2+ Kg8 36. Qg2 Nc5 37. Rde1 Qh3 38. Qb2 Rd8 39. Qf6 Ne6 40. f5 gxf5
41. Rf2 Rh6 42. Qe7 Rf8 43. Rg2+ Ng7 44. Ne5 d2 45. Qxf8+ Kxf8 46. Nd7+ 1-0

[Event "LXIX C.to Italiano"]
[Site "Sarre ITA"]
[Date "2009.11.25"]
[Round "3"]
[White "Brunello, Sabino"]
[Black "Stella, Andrea"]
[Result "1-0"]
[WhiteElo "2507"]
[BlackElo "2346"]
[PlyCount "47"]
[EventDate "2009.11.23"]

1. d4 Nf6 2. c4 e6 3. Nf3 b6 4. g3 Bb7 5. Bg2 Be7 6. Nc3 Ne4 7. Bd2 Bf6 8. O-O
O-O 9. Qc2 d5 10. Bf4 Nxc3 11. bxc3 Nd7 12. Rad1 c5 13. cxd5 exd5 14. h4 Re8
15. Ng5 Nf8 16. dxc5 bxc5 17. c4 h6 18. Nh3 Ne6 19. e3 g5 20. hxg5 hxg5 21.
Bxd5 Qc8 22. Nxg5 Nxg5 23. Qg6+ Bg7 24. Qxg5 1-0

[Event "LXIX C.to Italiano"]
[Site "Sarre ITA"]
[Date "2009.11.25"]
[Round "3"]
[White "Bruno, Fabio"]
[Black "Vocaturo, Daniele"]
[Result "1-0"]
[WhiteElo "2460"]
[BlackElo "2500"]
[PlyCount "79"]
[EventDate "2009.11.23"]

1. Nf3 Nf6 2. d4 g6 3. c4 Bg7 4. Nc3 O-O 5. e4 d6 6. Be2 c5 7. d5 e5 8. O-O Ne8
9. Ne1 f5 10. f3 Nf6 11. Nd3 f4 12. b4 cxb4 13. Na4 g5 14. c5 b5 15. cxb6 axb6
16. Nxb4 b5 17. Nc3 Qb6+ 18. Kh1 Nh5 19. Qe1 Rf6 20. Qf2 Qa5 21. Rb1 Rh6 22.
Kg1 Bf6 23. Bd2 Bd8 24. Nc6 Nxc6 25. Rxb5 Qc7 26. dxc6 Qxc6 27. Rc1 Qe8 28.
Bc4+ Kh8 29. Bd5 g4 30. fxg4 Nf6 31. h3 Nxg4 32. hxg4 Bh4 33. Qb6 Bd8 34. Qc6
Qf8 35. Qxa8 Rh4 36. Qxc8 Bb6+ 37. Rxb6 Qxc8 38. Nd1 Qd8 39. Rb7 Rxg4 40. Be6
1-0

[Event "LXIX C.to Italiano"]
[Site "Sarre ITA"]
[Date "2009.11.25"]
[Round "3"]
[White "Garcia Palermo, Carlos Horacio"]
[Black "Valsecchi, Alessio"]
[Result "0-1"]
[WhiteElo "2475"]
[BlackElo "2336"]
[PlyCount "52"]
[EventDate "2009.11.23"]

1. e4 e5 2. Bc4 Nf6 3. d3 Nc6 4. Nf3 Be7 5. Nc3 d6 6. a3 Bg4 7. h3 Bxf3 8. Qxf3
Nd4 9. Qd1 c6 10. O-O Ne6 11. Ba2 O-O 12. Ne2 d5 13. Ng3 Bc5 14. Bd2 Qc7 15.
Bc3 Rad8 16. Re1 Rfe8 17. exd5 Nf4 18. d4 exd4 19. Rxe8+ Rxe8 20. Bxd4 Bxd4 21.
Qxd4 cxd5 22. Qxa7 h5 23. Bb3 h4 24. Nf1 d4 25. Rd1 Ne2+ 26. Kh1 Ne4 0-1

[Event "LXIX C.to Italiano"]
[Site "Sarre ITA"]
[Date "2009.11.25"]
[Round "3"]
[White "Genocchio, Daniele"]
[Black "D'Amore, Carlo"]
[Result "0-1"]
[WhiteElo "2464"]
[BlackElo "2489"]
[PlyCount "80"]
[EventDate "2009.11.23"]

1. c4 Nf6 2. Nc3 c6 3. e4 d5 4. exd5 cxd5 5. d4 Nc6 6. Nf3 e6 7. a3 Be7 8. Bd3
dxc4 9. Bxc4 O-O 10. O-O Nd5 11. Qd3 Nxc3 12. bxc3 Bf6 13. Re1 Bd7 14. Bf4 Rc8
15. Ba2 b5 16. Bd6 Re8 17. Rad1 Ne7 18. Ne5 Nd5 19. Bc5 a6 20. Bb1 g6 21. Qh3
Bxe5 22. Rxe5 Bc6 23. Qg3 Qf6 24. Re4 Ba8 25. Rd3 Qg7 26. Qh4 g5 27. Qg3 Nf4
28. Rde3 Bxe4 29. Bxe4 f5 30. Bb1 Nd5 31. Re1 h6 32. h3 Rcd8 33. Qd3 Nf4 34.
Qf3 Qd7 35. Ba2 Rc8 36. g3 Nxh3+ 37. Kg2 Kg7 38. Qe3 e5 39. Qe2 g4 40. Qd2 Rxc5
0-1

[Event "LXIX C.to Italiano"]
[Site "Sarre ITA"]
[Date "2009.11.25"]
[Round "3"]
[White "Ortega, Lexy"]
[Black "Godena, Michele"]
[Result "1-0"]
[WhiteElo "2459"]
[BlackElo "2537"]
[PlyCount "43"]
[EventDate "2009.11.23"]

1. d4 d5 2. Nf3 Nf6 3. c4 dxc4 4. e3 a6 5. Bxc4 b5 6. Bd3 Bb7 7. a4 b4 8. O-O
e6 9. Re1 c5 10. e4 cxd4 11. e5 Nfd7 12. Be4 Bxe4 13. Rxe4 Nc6 14. Bg5 Be7 15.
Bxe7 Qxe7 16. Nbd2 Nc5 17. Rc1 O-O 18. Rh4 b3 19. Ne4 Nxe4 20. Rxc6 Qb7 21. Rc4
Rac8 22. Qxd4 1-0

[Event "LXIX C.to Italiano"]
[Site "Sarre ITA"]
[Date "2009.11.25"]
[Round "3"]
[White "Rombaldoni, Axel"]
[Black "Rombaldoni, Denis"]
[Result "1/2-1/2"]
[WhiteElo "2442"]
[BlackElo "2504"]
[PlyCount "28"]
[EventDate "2009.11.23"]

1. e4 c6 2. d4 d5 3. Nd2 dxe4 4. Nxe4 Nf6 5. Nxf6+ exf6 6. Bc4 Qe7+ 7. Qe2 Bg4
8. f3 Be6 9. Bxe6 Qxe6 10. Bf4 Be7 11. Qxe6 fxe6 12. O-O-O Kf7 13. Ne2 Nd7 14.
Rhe1 Rhe8 1/2-1/2

[Event "LXIX C.to Italiano"]
[Site "Sarre ITA"]
[Date "2009.11.26"]
[Round "4"]
[White "Brunello, Sabino"]
[Black "Ortega, Lexy"]
[Result "1/2-1/2"]
[WhiteElo "2507"]
[BlackElo "2459"]
[PlyCount "33"]
[EventDate "2009.11.23"]

1. d4 d5 2. c4 c6 3. Nf3 Nf6 4. g3 g6 5. Bg2 Bg7 6. Qb3 Qb6 7. Nc3 Na6 8. c5
Qd8 9. O-O O-O 10. Bf4 Nd7 11. e4 e5 12. Nxe5 Nxe5 13. dxe5 Nxc5 14. Qa3 Nxe4
15. Nxe4 dxe4 16. Bxe4 Bg4 17. f3 1/2-1/2

[Event "LXIX C.to Italiano"]
[Site "Sarre ITA"]
[Date "2009.11.26"]
[Round "4"]
[White "Godena, Michele"]
[Black "Rombaldoni, Axel"]
[Result "1-0"]
[WhiteElo "2537"]
[BlackElo "2442"]
[PlyCount "117"]
[EventDate "2009.11.23"]

1. e4 Nf6 2. e5 Nd5 3. d4 d6 4. Nf3 dxe5 5. Nxe5 g6 6. g3 Nd7 7. Nf3 Bg7 8. c4
N5b6 9. Nc3 c6 10. Bf4 O-O 11. Be2 e5 12. Nxe5 Nxe5 13. Bxe5 Bh6 14. c5 Nd7 15.
Bd6 Re8 16. O-O Nf6 17. Bf3 Bh3 18. Bg2 Bxg2 19. Kxg2 Re6 20. d5 cxd5 21. Nxd5
Ne8 22. Bf4 Bg7 23. Qb3 g5 24. Be3 h6 25. Rfd1 Qc8 26. Rd2 Qc6 27. Kg1 Bf8 28.
Nb4 Qf3 29. Nd5 Rb8 30. Rc1 Rc6 31. Qd1 Qe4 32. b4 Re6 33. Rd4 Qg6 34. Qc2 f5
35. Rcd1 Rc8 36. Qb3 Kh7 37. Kf1 Qh5 38. Nf4 gxf4 39. Qxe6 fxe3 40. Qxc8 e2+
41. Ke1 exd1=Q+ 42. Rxd1 Bg7 43. Qxb7 Nf6 44. Rd3 Qxh2 45. Qf3 Kg6 46. Kf1 Qh3+
47. Kg1 Ne4 48. g4 Qxf3 49. Rxf3 fxg4 50. Rf4 Nc3 51. Rc4 Nd5 52. b5 Kf5 53. a4
Ke6 54. b6 axb6 55. cxb6 Nxb6 56. Rc6+ Kd5 57. Rxb6 Bd4 58. Rb5+ Ke4 59. Kg2
1-0